| 000 | 00919nam a22002417a 4500 | ||
|---|---|---|---|
| 999 |
_c65169 _d65169 |
||
| 005 | 20240530110810.0 | ||
| 008 | 190421s2007 ua a f 000 0dara d | ||
| 017 |
_a2007/25479 _bمصر . دار الكتب |
||
| 020 | _a9774375548 | ||
| 040 | _aEG-CaGPL | ||
| 082 | 0 | 4 |
_221 _a792.028/ _bا ج |
| 100 | 1 | _aاصلان ، اوديت | |
| 245 | 1 | 2 |
_aالجسد والاداء المسرحى / _cتجميع اوديت اصلان ؛ ترجمة منى صفوت ؛ مراجعة نادية كامل _nالجزء الاول |
| 250 | _aط . 1 | ||
| 260 |
_aالقاهرة : _bمطابع المجلس الاعلى لللاثار ، _c2007 |
||
| 300 |
_a462 ص. : _bايض. ؛ _c24 سم. |
||
| 650 | 0 | 7 | _aالاداء المسرحى |
| 650 | 0 | 7 | _aتصميم الرقصات |
| 700 | 0 |
_aمنى صفوت _eترجمة |
|
| 700 | 0 |
_aنادية كامل _eمراجعة |
|
| 942 |
_2ddc _cBK |
||